Statistics for New Orleans Pelicans 2020's Starters

Click here to take the quiz!

General Stats

  • This quiz has been taken 77 times
    (44 since last reset)
  • The average score is 8 of 14

Answer Stats

PlayerStarts% Correct
Zion Williamson2
100%
Brandon Ingram5
97%
CJ McCollum2
97%
Jonas Valančiūnas3
88%
Herbert Jones3
79%
Steven Adams1
56%
Lonzo Ball3
53%
Jrue Holiday1
47%
Trey Murphy III1
44%
Josh Hart1
35%
Devonte' Graham1
24%
Eric Bledsoe1
21%
Derrick Favors1
9%
J.J. Redick1
9%

Score Distribution

Percentile by Number Answered

Percent of People with Each Score

Your Score History

You have not taken this quiz since the last reset